مكتبة جامعة عجلون الوطنية

فهرس بحث المكتبة

Normal view MARC view
  • الأدب العربي - روايات - تاريخ ونقد - الأردن

Entry Topical Term

Number of records used in: 1

001 - CONTROL NUMBER

  • control field: 49207

003 - CONTROL NUMBER IDENTIFIER

  • control field: JO-AjAnu

005 - DATE AND TIME OF LATEST TRANSACTION

  • control field: 20230606082117.0

008 - FIXED-LENGTH DATA ELEMENTS

  • fixed length control field: 230606|| aca||aabn | a|a d

040 ## - CATALOGING SOURCE

  • Original cataloging agency: JO-AjAnu
  • Transcribing agency: JO-AjAnu

150 ## - HEADING--TOPICAL TERM

  • Topical term or geographic name entry element: الأدب العربي - روايات - تاريخ ونقد - الأردن

670 ## - SOURCE DATA FOUND

  • Source citation: Work cat.: (JO-AjAnu)25166: إعداد وتقديم ومشاركة الشمالي،نضال ... وآخرون , author 49206, قضايا في الرواية الأردنية ودراسات في خطاب الأستاذ الدكتور نبيل حداد في نقد الرواية